000 00682nam a2200181Ia 4500
008 100920s9999 xx 000 0 und d
082 _b83598
_a24 न 02
100 _aगुप्ता विभा.
245 _aराजनीतीज्ञोंके रोचक प्रसंग.
260 _bआर्यन प्रकाशन, दिल्ली.
_c2002
300 _a32
_bसाधी
365 _b30
520 _aसायो.
630 _aराजनीतीज्ञोंके रोचक प्रसंग.
650 _aसायो.
730 _aराजनीतीज्ञोंके रोचक प्रसंग.
942 _cBOOK
999 _c724214
_d724211